Palabra de amigo : cambios y desafíos /

Guardado en:
Autor Principal: Pendzik, Noemí
Otros Autores: Komerovsky, Graciela
Formato: Libro
Publicado: Buenos Aires : Troquel, 1998
Series:219 p.
Materias:
Etiquetas: Agregar Etiqueta
Sin Etiquetas, Sea el primero en etiquetar este registro!
LEADER 03322nam a22002175a 4500
001 CEM.cems013343
005 20110704162645.0
008 130507s1998##################000#0#####d
003 CEMS
020 |a 9501664570 
082 0 4 |a 468 
100 1 |a Pendzik, Noemí 
245 1 0 |a Palabra de amigo :  |b cambios y desafíos /  |c Noemí Pendzik y Graciela Komerovsky 
260 |a Buenos Aires :  |b Troquel,  |c 1998 
490 0 |a 219 p. 
500 |a Lengua 9º año Egb 
505 0 |a La entrevista periodística -- Estructura básica de la conversación -- Lo paralinguístico en la oralidad -- Texto y contexto -- Concepto de registro y adecuación -- La exposición oral -- La situación comunicativa -- La elipsis -- Sintaxis de la oración simple -- Los textos expositivos -- Concepto de cotexto -- Conectores expositivos -- La distribución de la información -- El resumen -- Objetividad/subjetividad -- Verbos impersonales -- La definición -- Organizadores discursivos de la definición -- La oración compuesta -- Concepto de paratexto -- La descripción -- Vocabulario de uso y disciplinar -- Los campos sensoriales -- Las imágenes -- La descripción de las personas -- Textos directivos -- Diálogo en reportaje -- Estilo directo, indirecto y narrativizado -- La polifonía. El discurso referido -- Los pronombres interrogativos -- La intertextualidad -- Parodia y homenaje -- Verbos de enunciación -- La sustitución -- Voz activa. Voz pasiva -- Estructura canónica del discurso periodístico -- Formatos textuales -- Actos de habla -- Significado de los modos y tiempos verbales -- Vocabulario de uso. Repertorio y relaciones semánticas -- Estrategias de lectura -- Acrósticos -- Adecuación del receptor -- Etimologías griegas y latinas -- Casos especiales de plural -- Lectura comprensiva. Inferencia de información -- Historia de la lengua -- Los prefijos -- Investigación sobre la inmigración -- El diario de viajes -- Verbos irregulares. Teimpos correlativos de irregularidad -- Los conectores temporales -- La descripción de costumbres -- La leyenda -- Portadores y soportes textuales -- Estructura conónica de la narración -- Redacción de consignas -- Vocabulario de uso. Determinación léxica -- El acervo popular. La narración oral -- Coherencia y cohesión textual -- Historia de la lengua -- Variedades dialectales -- Los neologismos -- Los sufijos -- Los cronolectos -- El discurso persuasivo -- El vocativo -- La ilusión y la metáfora -- La argumentación -- La nota editorial -- Conectores usuales de la argumentación -- Recursos de la argumentación -- Orden y pertinencia de los argumentos -- Indicadores discursivos para introducir opinión -- Los homófonos -- La argumentación y los medios masivos -- Proposiciones subordinadas concesivas, causales y condicionales -- El género dramático -- La reseña y la crítica -- Informe sobre el desarrollo cultural local -- El género lírico -- Recursos rítmicos y semánticos de la poesía -- Proyecto: confección de una antología personal de poemas -- La ficcionalización de la información - Guía para redactar monografías y otros textos expositivos -- Guía para la exposición oral 
653 |a Lengua 
653 |a Lengua-9 egb 
700 1 |a Komerovsky, Graciela 
859 |a CEMS  |b BIB. CEMS - 11 de abril  |h 468  |i P374  |p 25858.10  |t Ej.1  |v 9  |3 9